000 00846nam a2200241Ia 4500
003 OSt
005 20220923212957.0
006 a|||||r|||| 00| 0
007 ta
008 220922b |||||||| |||| 00| 0 hin d
024 _a157,720
037 _cTextual
040 _aARTS
_cARTS
_bhin
041 _2hin
_ahin
082 _aO152,1:gN1, L4
100 _aविमलेश कान्ति
245 0 _aभारतेन्दु युगीन हिन्दी काव्य में लोकतत्व
246 _aBhāratendu yugīn hindī kāvya mean lokatatva
260 _aदिल्ली
_b ऋड्ढभचरणा
_c1974
650 _aहिन्दी साहित्य
_9156264
942 _hO152,1:gN1, L4
_cTEXL
_2CC
999 _c312802
_d312802